| 000 | 00762nam a2200193Ia 4500 | ||
|---|---|---|---|
| 008 | 140429s9999 xx 000 0 und d | ||
| 020 | _a9781441191724 | ||
| 050 |
_aLB 880.V94 _b.V94 2011 |
||
| 245 |
_aVygotsky and special needs education : _brethinking support for children and schools / _cedited by : Harry Daniels and Mariane Hedegaard. |
||
| 260 |
_aNew York : _bContinuum International Pub., _cc2011. |
||
| 300 |
_a230 p. : _bill. ; _c24 cm. |
||
| 500 | _aIncludes bibliographical references and index. | ||
| 521 | _aEDUC | ||
| 650 |
_aEarly childhood education _xPhilosophy. |
||
| 650 |
_aSpecial education _xPhilosophy. |
||
| 650 |
_aVygotskii, L. S. (Lev Semenovich), 1896-1934 _xCriticism and interpretation. |
||
| 942 |
_kFOR _cBK |
||
| 999 |
_c115590 _d115590 |
||